LEADER 02292nas a2200445 u 4500 001 000000008252 003 CaOOAMICUS 005 20070226105056.0 008 950531c19009999it qr p u0 u ita u 022 $a0012-4257 035 $a10212539 040 $aPUL$bita 041 0 $aita$aeng$afre 130 0 $aDivus Thomas$g[Spogli].$0(OLS)http://pul/title/12079 210 0 $aDivus Thomas 222 00$aDivus Thomas 245 10$aDivus Thomas. 260 $aPiacenza :$bCollegio Alberoni [etc.],$c1900- 300 $av. ;$c24-30 cm 310 $aTrimestrale 362 0 $aser. 2, v. 1-6 (1900-1906); ser. 3, v. 1- 1924- 500 $aTitolo varia: I Serie 1880-1900, Divus Thomas, commentarium academiis et lycaeis scholasticam sectantibus inserviens; II Serie 1900-1905, Divus Thomas, de philosophia et theologia periodicum inserviens academiis et lycaeis scholaticam sectantibus. 500 $aCommentarium de philosophia et theologia, (varies slightly). 510 2 $aMLA international bibliography of books and articles on the modern languages and literatures (Complete edition)$x0024-8215 510 2 $aOld Testament abstracts$x0364-8591 510 2 $aNew Testament abstracts$x0028-6877 515 $aser. II, v. 1-6 also numbered annus 20-26; ser. III, v. 1- annus 27- 515 $aPublication suspended 1906-1923. 650 0$aTheology$xPeriodicals.$2//eng$0(OLS)http://pul/subject/1693 650 0$aPhilosophy$xPeriodicals.$2//eng$0(OLS)http://pul/subject/7103 710 2 $aCollegio Alberoni.$0(OLS)http://pul/name/8253 780 00$tDivus Thomas commentarium academiis et lycaeis scholasticam sectantibus inserviens. 850 $aPUL 852 $aPUL$W1$xSL Riviste Correnti$y14$m3-82/SL189.05Riv.10/DP1369.A$j11664$nSE-PRI$qPeriodici$q$bSerie Prima: a.3 (1883)-a.6 (1890). Serie seconda: v.1 (1900)-v.6 (1905). Serie Terza: v.1 (1924)-$B11664$CPULBib$Z2$F11664 $Hnull $81 941 1 $a5 996 $6022$a0012-4257$9(OLS)http://pul/number/10656 996 $6210$aDivus Thomas$9(OLS)http://pul/title/12080 996 $6222$aDivus Thomas$9(OLS)http://pul/title/12080 996 $6245$aDivus Thomas$9(OLS)http://pul/title/12080 996 $6260$aPiacenza :$bCollegio Alberoni [etc.]$9(OLS)http://pul/publisher/52030 LEADER 01086nam a2200277 u 4500 001 000000064962 003 CaOOAMICUS 005 20070226121420.0 008 011127s1986 ne u000 u fre u 020 $a9024720303 035 $a10911690 040 $aPUL(R)$bita 100 1 $aLévinas, Emmanuel,$d1906-1995.$0(OLS)http://pul/name/11641 245 10$aAutrement qu'être ou au-delà de l'essence /$cEmmanuel Levinas. 260 $aDordrecht :$bNijhoff,$c1986. 300 $ax, 233 p. ;$c25 cm 490 1 $aPhaenomenologica ;$v54 650 4$aFenomenologia.$0(OLS)http://pul/subject/1230 830 0$aPhaenomenologica ;$v54.$0(OLS)http://pul/title/17674 850 $aPUL 852 $aPUL$W1$xSL Filosofia 1$y2$m90 E 73$j17245$nBK-PRI$b $qStampati$B84155$CPULBib$Z2$F84155 $H $81 941 1 $a8 961 $aINV: 55274 996 $6020$a9024720303$9(OLS)http://pul/number/15610 996 $6245$aAutrement qu'être ou au-delà de l'essence$9(OLS)http://pul/title/17673 996 $6260$aDordrecht :$bNijhoff$9(OLS)http://pul/publisher/69972